| 000 | 01579nam a2200277Ia 4500 | ||
|---|---|---|---|
| 999 |
_c36391 _d36391 |
||
| 001 | 2305 | ||
| 003 | GE_BSU | ||
| 005 | 20190530151310.0 | ||
| 008 | 181216s||||||||xx |||||||||||||| ||und|| | ||
| 020 | _a9789941412844 | ||
| 040 | _cGE_BSU | ||
| 041 | _ageo | ||
| 080 | _a004.42(075.8)+311(075.8) ხ–56 | ||
| 100 |
_aხინიკაძე, თენგიზ _91838 |
||
| 245 |
_aSTATISTICA პროგრამული პაკეტის გამოყენების საფუძვლები : _bსახელმძღვ. / _cთენგიზ ხინიკაძე ; რედ.: მიხეილ დონაძე, გრიგოლ კახიანი ; შოთა რუსთაველის სახელმწ. უნ-ტი. |
||
| 264 |
_aბათუმი : _bშოთა რუსთაველის სახელმწ. უნ-ტის გამ-ბა, _c2011. |
||
| 300 |
_a193 გვ.; _bცხრ., ნახ. ; _c20 სმ. |
||
| 504 | _aდამატებები: გვ. 188-189. - ბიბლიოგრ.: გვ. 190. | ||
| 541 | _h7ლ. | ||
| 653 | _aკომპიუტერული პროგრამირება | ||
| 653 | _a ნეირონული ქსელები | ||
| 700 |
_aდონაძე, მიხეილ _eრედაქტორი _91839 |
||
| 700 |
_aკახიანი, გრიგოლ _eრედაქტორი _91840 |
||
| 710 |
_aშოთა რუსთაველის სახელმწ. უნ-ტი. _91841 |
||
| 942 |
_cBK _2udc |
||